Harmonizovať vyššie kolektívne zmluvy
Z diskusie na tému odbory verzus zamestnávatelia na XVI. riadnom zhromaždení HNclubu. Diskusné príspevky A. F. Zvrškovca, Ľ. Valacha, P. Kasalovského, E. Machynu, S. Holáka, Š. Rosinu, Ľ. Kollarika, R. F. Mosného, M. P. Čatloša, M. Ľacha a A. Engliša.
Na minha lista:
| Autor principal: | |
|---|---|
| Outros Autores: | , |
| Formato: | Capítulo de Livro |
| Idioma: | eslovaco |
| Assuntos: | |
| Tags: |
Sem tags, seja o primeiro a adicionar uma tag!
|
MARC
| LEADER | 00000naa a2200000 4500 | ||
|---|---|---|---|
| 001 | r021014 | ||
| 005 | 20230801104612.5 | ||
| 041 | 0 | |a slo | |
| 044 | |a SK | ||
| 245 | 1 | 0 | |a Harmonizovať vyššie kolektívne zmluvy |c A.F. Zvrškovec, P. Kasalovský, Š. Rosina |
| 520 | |a Z diskusie na tému odbory verzus zamestnávatelia na XVI. riadnom zhromaždení HNclubu. Diskusné príspevky A. F. Zvrškovca, Ľ. Valacha, P. Kasalovského, E. Machynu, S. Holáka, Š. Rosinu, Ľ. Kollarika, R. F. Mosného, M. P. Čatloša, M. Ľacha a A. Engliša. | ||
| 610 | 2 | 0 | |a Slovensko |
| 610 | 2 | 0 | |a 1996 |
| 610 | 2 | 0 | |a odbory |
| 610 | 2 | 0 | |a zamestnávatelia |
| 610 | 2 | 0 | |a zmluvy kolektívne |
| 610 | 2 | 0 | |a zmier sociálny |
| 100 | 1 | |a Zvrškovec, A.F. | |
| 700 | 1 | |a Kasalovský, P. | |
| 700 | 1 | |a Rosina, Š. | |